000 00445nam a2200169Ia 4500
008 230524s9999 xx 000 0 und d
082 _a5.74
_bTUR
100 _aEfraim Turban
_95151
245 0 _aDecision Support Systems and Intelligent Systems
250 _a*
260 _aNEW DELHI
_bPearson
_c20001
300 _aXXV;867
500 _aQuantity Number: 1
650 _aMiscellaneous
_91877
700 _a Jay E.Aronson
_95152
942 _cBK
999 _c7201
_d7201